| 000 -LEADER |
| fixed length control field |
01091nam a2200301Ia 4500 |
| 001 - CONTROL NUMBER |
| control field |
11213 |
| 003 - CONTROL NUMBER IDENTIFIER |
| control field |
GE_BSU |
| 008 - FIXED-LENGTH DATA ELEMENTS--GENERAL INFORMATION |
| fixed length control field |
181216s||||||||xx |||||||||||||| ||und|| |
| 020 ## - INTERNATIONAL STANDARD BOOK NUMBER |
| International Standard Book Number |
9785756706727 |
| 040 ## - CATALOGING SOURCE |
| Transcribing agency |
GE_BSU |
| 080 ## - UNIVERSAL DECIMAL CLASSIFICATION NUMBER |
| Universal Decimal Classification number |
327.1(075.8) |
| 100 ## - MAIN ENTRY--PERSONAL NAME |
| Personal name |
А.Ю.Борисов;Н.Е.Клейменова; М.М.Наринский; А.Ю.Сидоров. |
| 245 ## - TITLE STATEMENT |
| Title |
История Международных Отношений; Т.II. Межвоенный Период и Вторая Война. |
| 245 ## - TITLE STATEMENT |
| Remainder of title |
Учебник; : |
| 245 ## - TITLE STATEMENT |
| Statement of responsibility, etc. |
Под.ред:А.В.Торкунова; М.М.Наринского. |
| 250 ## - EDITION STATEMENT |
| Edition statement |
2е изд;испр. |
| 260 ## - PUBLICATION, DISTRIBUTION, ETC. |
| Place of publication, distribution, etc. |
Москва. |
| 260 ## - PUBLICATION, DISTRIBUTION, ETC. |
| Name of publisher, distributor, etc. |
Аспект Пресс. |
| 260 ## - PUBLICATION, DISTRIBUTION, ETC. |
| Date of publication, distribution, etc. |
2014. |
| 300 ## - PHYSICAL DESCRIPTION |
| Extent |
496стр;24см. |
| 300 ## - PHYSICAL DESCRIPTION |
| Accompanying material |
Библиогр стр.468. |
| 653 ## - INDEX TERM--UNCONTROLLED |
| Uncontrolled term |
История Международных Отношений. т. 2 |
| 653 ## - INDEX TERM--UNCONTROLLED |
| Uncontrolled term |
Межвоенный Период и Вторая Война. |
| 653 ## - INDEX TERM--UNCONTROLLED |
| Uncontrolled term |
Политика |
| 653 ## - INDEX TERM--UNCONTROLLED |
| Uncontrolled term |
პოლიტიკა |
| 942 ## - ADDED ENTRY ELEMENTS (KOHA) |
| Koha item type |
წიგნი |